[Event "Seefeld-Casino op 19th"]
[Site "Seefeld/Tirol (5.9.-13.9)"]
[Date "2008.09.06"]
[Round "2.14"]
[White "Handl, Hans"]
[Black "Fahnenschmidt, Gerhard Dr"]
[Result "1-0"]
[WhiteElo "1759"]
[BlackElo "1883"]
[PlyCount "69"]
[EventDate "2008.09.??"]
[EventType "swiss"]
[EventRounds "9"]
[Source "Ganslmayer"]
[SourceDate "2010.03.14"]
[BlackTeamCountry "AUT"]

1. d4 Nf6 2. Nf3 e6 3. g3 b5 4. c3 Bb7 5. Bg2 Be7 6. O-O O-O 7. Nbd2 c5 8. Qb3
Qb6 9. dxc5 Bxc5 10. e3 Bxe3 11. fxe3 Qxe3+ 12. Kh1 Ng4 13. h3 Nf2+ 14. Kh2 f5
15. c4 Nd3 16. Re1 Qxe1 17. Nxe1 Bxg2 18. Nxd3 bxc4 19. Qxc4 Bd5 20. Qf4 Nc6
21. Ne5 Nxe5 22. Qxe5 Rfc8 23. b3 Rc2 24. Kg1 d6 25. Qxd6 Rac8 26. Nc4 g5 27.
Qe5 Bxc4 28. bxc4 Kf7 29. Bb2 Rc6 30. Qg7+ Ke8 31. Rd1 R6xc4 32. Qh8+ Ke7 33.
Bf6+ Kf7 34. Qg7+ Ke8 35. Rd8# 1-0

[Event "Seefeld-Casino op 19th"]
[Site "Seefeld/Tirol (5.9.-13.9)"]
[Date "2008.09.06"]
[Round "2.15"]
[White "Lins, Philipp"]
[Black "Breedveld, Andre"]
[Result "0-1"]
[WhiteElo "2008"]
[BlackElo "2139"]
[PlyCount "117"]
[EventDate "2008.09.??"]
[EventType "swiss"]
[EventRounds "9"]
[Source "Ganslmayer"]
[SourceDate "2010.03.14"]
[BlackTeamCountry "AUT"]

1. Nf3 d6 2. g3 e5 3. d3 Nf6 4. Bg2 g6 5. O-O Bg7 6. e4 O-O 7. a4 h6 8. h3 c6
9. Nc3 Re8 10. Ne1 d5 11. f4 exf4 12. Bxf4 Qb6+ 13. Kh2 Qxb2 14. Bd2 dxe4 15.
Rb1 Qa3 16. dxe4 Qe7 17. Nd3 Nbd7 18. Qf3 Nh7 19. h4 Ne5 20. Nxe5 Bxe5 21. Bxh6
Qxh4+ 22. Kg1 Bd4+ 23. Be3 Bxe3+ 24. Qxe3 Qe7 25. Rf4 Ng5 26. Rbf1 Qe5 27. g4
Be6 28. Nd1 Bc4 29. R1f2 Rad8 30. Nc3 a5 31. Bf1 Bxf1 32. Kxf1 Qd4 33. Qxd4
Rxd4 34. Re2 Re5 35. Kg2 Rc4 36. Re3 Rec5 37. Ne2 Rxc2 38. e5 R5c4 39. Kg3 Rxf4
40. Nxf4 Rc3 41. Ng2 Rxe3+ 42. Nxe3 b5 43. axb5 cxb5 44. Kf4 Ne6+ 45. Ke4 Kg7
46. Nd5 Kh6 47. Nc3 b4 48. Na4 Kg5 49. Kf3 Nd4+ 50. Kg3 Nc6 51. e6 fxe6 52. Nc5
Kf6 53. Kf4 g5+ 54. Ke4 Ne5 55. Kd4 Nxg4 56. Nb7 a4 57. Kc4 a3 58. Nc5 a2 59.
Nb3 0-1

[Event "Seefeld-Casino op 19th"]
[Site "Seefeld/Tirol (5.9.-13.9)"]
[Date "2008.09.06"]
[Round "2.16"]
[White "Breedveld-Schut, Carmen"]
[Black "Santl, Anton"]
[Result "0-1"]
[WhiteElo "1204"]
[BlackElo "2026"]
[PlyCount "64"]
[EventDate "2008.09.??"]
[EventType "swiss"]
[EventRounds "9"]
[Source "Ganslmayer"]
[SourceDate "2010.03.14"]
[WhiteTeam "NED/Zaandam"]
[BlackTeam "München SU"]
[WhiteTeamCountry "NED"]

1. d4 Nf6 2. Bf4 e6 3. e3 b6 4. Nf3 Bb7 5. Be2 d6 6. O-O Be7 7. Nbd2 O-O 8. c3
Nbd7 9. Re1 Ne4 10. Bd3 f5 11. h3 g5 12. Bh2 Ndf6 13. Bc4 d5 14. Bb3 Bd6 15.
Ne5 Bxe5 16. Bxe5 c5 17. c4 Nd7 18. cxd5 exd5 19. Rc1 Nxe5 20. dxe5 c4 21. Bc2
Qe7 22. Nxe4 fxe4 23. f4 gxf4 24. exf4 Rxf4 25. Qh5 Raf8 26. g4 d4 27. Rcd1 d3
28. Ba4 Qc5+ 29. Kh1 e3+ 30. Kh2 e2 31. Qg5+ Kh8 32. Qh4 Rf2+ 0-1

[Event "Seefeld-Casino op 19th"]
[Site "Seefeld/Tirol (5.9.-13.9)"]
[Date "2008.09.06"]
[Round "2.17"]
[White "Allgaier, Erik"]
[Black "Lundberg, Roland"]
[Result "1-0"]
[WhiteElo "2135"]
[BlackElo "2045"]
[PlyCount "81"]
[EventDate "2008.09.??"]
[EventType "swiss"]
[EventRounds "9"]
[Source "Ganslmayer"]
[SourceDate "2010.03.14"]
[WhiteTeamCountry "NED"]

1. Nf3 c5 2. e3 g6 3. d4 cxd4 4. exd4 Bg7 5. Bd3 Nf6 6. O-O O-O 7. c3 d5 8. Re1
Nc6 9. Bg5 Be6 10. Qd2 Qb6 11. h3 Rfe8 12. Na3 Rac8 13. Rab1 a6 14. Bh6 Bh8 15.
Nc2 Na5 16. Ng5 Bd7 17. Qf4 Bb5 18. Nb4 Bxd3 19. Nxd3 Nc4 20. Ne5 Nd6 21. g4
Bg7 22. Bxg7 Kxg7 23. h4 h6 24. Ngf3 Qc7 25. g5 hxg5 26. Nxg5 Nh5 27. Qg4 e6
28. Ngxf7 Nxf7 29. Qxg6+ Kf8 30. Qxh5 Nxe5 31. Rxe5 Re7 32. Rbe1 Rh7 33. Qf3+
Rf7 34. Qh3 Re8 35. Rxe6 Rxe6 36. Qxe6 Qd8 37. Re3 Rf6 38. Qe5 Kf7 39. Rg3 Qe7
40. Qh5+ Ke6 41. Re3+ 1-0

[Event "Seefeld-Casino op 19th"]
[Site "Seefeld/Tirol (5.9.-13.9)"]
[Date "2008.09.06"]
[Round "2.18"]
[White "Dalnodar, Bernhard"]
[Black "Mertens, Klaus"]
[Result "1-0"]
[WhiteElo "1989"]
[BlackElo "2001"]
[PlyCount "60"]
[EventDate "2008.09.??"]
[EventType "swiss"]
[EventRounds "9"]
[Source "Ganslmayer"]
[SourceDate "2010.03.14"]
[WhiteTeam "AUT/Landeck"]
[BlackTeam "Mainz-Mombach SV"]
[WhiteTeamCountry "AUT"]

1. d4 Nf6 2. c4 e6 3. Nf3 c5 4. e3 b6 5. Nc3 Bb7 6. Be2 Be7 7. O-O O-O 8. b3 d5
9. Bb2 Nc6 10. cxd5 exd5 11. Rc1 Rc8 12. dxc5 bxc5 13. Na4 Ne4 14. Nd2 Nb4 15.
a3 Na6 16. Nxe4 dxe4 17. Qc2 Qd5 18. Rfd1 Qf5 19. h3 Rc7 20. Bg4 Qg5 21. Be2
Bd8 22. Bxa6 Bxa6 23. Qxe4 Bb7 24. Qg4 Qxg4 25. hxg4 Be7 26. b4 c4 27. Be5 Rc6
28. Rd7 Re6 29. Rxb7 Rxe5 30. Rxa7 Rc8 1-0

[Event "Seefeld-Casino op 19th"]
[Site "Seefeld/Tirol (5.9.-13.9)"]
[Date "2008.09.06"]
[Round "2.19"]
[White "Schnitzspan, Lothar"]
[Black "Stock, Juergen(56)"]
[Result "1-0"]
[WhiteElo "2240"]
[BlackElo "1886"]
[PlyCount "71"]
[EventDate "2008.09.??"]
[EventType "swiss"]
[EventRounds "9"]
[Source "Ganslmayer"]
[SourceDate "2010.03.14"]
[WhiteTeamCountry "AUT"]

1. Nf3 e6 2. e4 d5 3. Nc3 Nf6 4. e5 Nfd7 5. d4 c5 6. Bf4 Nc6 7. dxc5 Bxc5 8.
Bd3 f6 9. O-O Ncxe5 10. Nxe5 Nxe5 11. Bxe5 fxe5 12. Qh5+ g6 13. Bxg6+ Kd7 14.
Be4 Kc6 15. Rad1 Bd4 16. Qe2 Bxc3 17. Qc4+ Kb6 18. Qb3+ Bb4 19. Qxb4+ Kc7 20.
Qc3+ Kb6 21. Qxe5 Bd7 22. c4 dxe4 23. Rd6+ Bc6 24. c5+ Ka6 25. Qxe6 Qe8 26.
Qc4+ b5 27. cxb6+ Kxb6 28. Rc1 Rc8 29. Re6 Qd7 30. Qc5+ Kb7 31. Re7 Rhd8 32. h4
Kb8 33. Rxd7 Rxd7 34. Kh2 Rdc7 35. h5 Rd7 36. g4 1-0

[Event "Seefeld-Casino op 19th"]
[Site "Seefeld/Tirol (5.9.-13.9)"]
[Date "2008.09.06"]
[Round "2.20"]
[White "Ballon, Guenther Jan"]
[Black "Vonach, Bernhard Dr"]
[Result "1-0"]
[WhiteElo "1999"]
[BlackElo "1817"]
[PlyCount "131"]
[EventDate "2008.09.??"]
[EventType "swiss"]
[EventRounds "9"]
[Source "Ganslmayer"]
[SourceDate "2010.03.14"]
[WhiteTeam "NED(Niederlande)"]
[BlackTeam "Windach Sfr."]
[WhiteTeamCountry "NED"]

1. d4 Nf6 2. c4 g6 3. Nc3 d5 4. Bf4 Bg7 5. e3 O-O 6. Nxd5 Nxd5 7. cxd5 Qxd5 8.
Bxc7 Na6 9. Bxa6 bxa6 10. Nf3 Qb7 11. Bg3 Qxb2 12. O-O Be6 13. Qc1 Qb4 14. a3
Qa5 15. Qc7 Qxc7 16. Bxc7 Bd5 17. Rfc1 Rfe8 18. Ne5 Bxe5 19. Bxe5 Rac8 20. Bc7
e6 21. Rc5 h5 22. f3 f5 23. Rac1 Kf7 24. Bd6 Rxc5 25. Rxc5 Kg8 26. h4 Rd8 27.
Be5 Rd7 28. Bc7 Kf7 29. Kh2 Kf6 30. Be5+ Kf7 31. Kg3 Rb7 32. Kf4 Rb2 33. e4
fxe4 34. fxe4 Ba2 35. Rc7+ Kf8 36. g3 Bb1 37. Rxa7 Re2 38. Rxa6 Kf7 39. Ra7+
Ke8 40. Kg5 Bxe4 41. Kf6 Bf5 42. a4 Rc2 43. a5 Rc6 44. a6 Kd8 45. Kf7 Bd3 46.
Bf6+ Kc8 47. Ra8+ Kc7 48. Bd8+ Kd7 49. a7 Be4 50. Bf6 Ra6 51. Re8 Kc7 52. Re7+
Kc8 53. Be5 Kd8 54. Kf6 Kc8 55. Rxe6 Rxa7 56. Bb8 Kxb8 57. Rxe4 Ra3 58. Kxg6
Rxg3+ 59. Kxh5 Kc7 60. Rg4 Rh3 61. Kg6 Kd7 62. h5 Ke8 63. h6 Kf8 64. h7 Rh1 65.
d5 Rh2 66. Rg5 1-0

[Event "Seefeld-Casino op 19th"]
[Site "Seefeld/Tirol (5.9.-13.9)"]
[Date "2008.09.06"]
[Round "2.21"]
[White "Vrban, Damir"]
[Black "Bretscher, Robert"]
[Result "1-0"]
[WhiteElo "2207"]
[BlackElo "1546"]
[PlyCount "67"]
[EventDate "2008.09.??"]
[EventType "swiss"]
[EventRounds "9"]
[Source "Ganslmayer"]
[SourceDate "2010.03.14"]
[WhiteTeamCountry "NED"]

1. g3 Nf6 2. Bg2 e5 3. Nf3 Nc6 4. c4 Be7 5. Nc3 O-O 6. d4 exd4 7. Nxd4 Nxd4 8.
Qxd4 c6 9. O-O Qa5 10. Bf4 Qc5 11. Qd3 Qh5 12. f3 Bc5+ 13. Kh1 Re8 14. e4 Re6
15. e5 Ne8 16. Ne4 Bf8 17. Ng5 Rg6 18. Ne4 Nc7 19. g4 Qh4 20. Ng3 Qd8 21. Nf5
Ne6 22. Bg3 Qg5 23. h4 Nc5 24. Qc2 Qd8 25. b4 Ne6 26. Rab1 Nc7 27. h5 Re6 28.
Bh4 Qe8 29. f4 d6 30. exd6 Bxd6 31. Rbd1 Bf8 32. Rd8 Re2 33. Rxe8 Rxc2 34. Ne7+
1-0

[Event "Seefeld-Casino op 19th"]
[Site "Seefeld/Tirol (5.9.-13.9)"]
[Date "2008.09.06"]
[Round "2.22"]
[White "Willin, Bernhard"]
[Black "Buchaeckert, Juergen"]
[Result "0-1"]
[WhiteElo "1749"]
[BlackElo "1873"]
[PlyCount "60"]
[EventDate "2008.09.??"]
[EventType "swiss"]
[EventRounds "9"]
[Source "Ganslmayer"]
[SourceDate "2010.03.14"]
[WhiteTeamCountry "NED"]

1. d4 Nf6 2. Nf3 g6 3. c4 Bg7 4. g3 c6 5. Bg2 O-O 6. O-O d5 7. Nc3 Ne4 8. e3
Nxc3 9. bxc3 dxc4 10. a4 Bg4 11. a5 Qc8 12. Qa4 Nd7 13. Qxc4 e5 14. Ba3 Be6 15.
Qe2 Re8 16. Rab1 exd4 17. cxd4 Bf5 18. Rfc1 a6 19. Rc3 Nf6 20. Qb2 Ne4 21. Rb3
c5 22. Rc1 Rb8 23. Bxc5 Nxc5 24. Qa3 Nxb3 25. Rxc8 Rbxc8 26. Qxb3 Rc1+ 27. Bf1
Bh3 28. Nd2 Bxd4 29. exd4 Ree1 30. Qd3 Rcd1 0-1

[Event "Seefeld-Casino op 19th"]
[Site "Seefeld/Tirol (5.9.-13.9)"]
[Date "2008.09.06"]
[Round "2.23"]
[White "Rudolph, Joachim"]
[Black "Strasser, Josef(64)"]
[Result "0-1"]
[WhiteElo "1578"]
[BlackElo "1936"]
[PlyCount "110"]
[EventDate "2008.09.??"]
[EventType "swiss"]
[EventRounds "9"]
[Source "Ganslmayer"]
[SourceDate "2010.03.14"]
[WhiteTeamCountry "NED"]

1. f4 d5 2. e3 g6 3. Nf3 Nf6 4. Be2 Bg7 5. O-O O-O 6. d3 c5 7. Nbd2 b6 8. c3
Bb7 9. Ne5 Nbd7 10. Ndf3 Qc7 11. Nxd7 Nxd7 12. d4 Nf6 13. Bd2 Ne4 14. Qc1 Rac8
15. Be1 cxd4 16. exd4 f5 17. Qe3 a6 18. Ne5 b5 19. a3 e6 20. Rc1 Bc6 21. Bd2
Qb6 22. g3 a5 23. Kg2 Rc7 24. Rfd1 Rfc8 25. Bf3 Bb7 26. Re1 Bc6 27. Red1 Be8
28. Be2 Bf6 29. Nd3 Be7 30. Be1 Bd6 31. Bd2 Kf7 32. Ne5+ Kg7 33. Nd3 h6 34. Ne5
Be7 35. Nd3 g5 36. Be1 Bf6 37. Bd2 Kh7 38. Kh1 Rg7 39. Rg1 Bf7 40. Ne5 Bxe5 41.
dxe5 Qc6 42. Qd4 Rcg8 43. Be3 g4 44. Qb6 Rc8 45. Qxb5 Qa8 46. Qd3 d4 47. Rg2
dxe3 48. Qxe3 Rgg8 49. Kg1 Rgd8 50. Re1 Rd2 51. Rd1 Rcd8 52. Rxd2 Rxd2 53. Qb6
Qd5 54. Qa7 Rd1+ 55. Bf1 Rxf1+ 0-1

[Event "Seefeld-Casino op 19th"]
[Site "Seefeld/Tirol (5.9.-13.9)"]
[Date "2008.09.06"]
[Round "2.24"]
[White "Aab, Manfred"]
[Black "Schnegg, Daniel"]
[Result "0-1"]
[WhiteElo "1532"]
[BlackElo "1985"]
[PlyCount "56"]
[EventDate "2008.09.??"]
[EventType "swiss"]
[EventRounds "9"]
[Source "Ganslmayer"]
[SourceDate "2010.03.14"]
[WhiteTeamCountry "NED"]

1. d4 Nf6 2. c4 g6 3. Nc3 Bg7 4. e4 d6 5. f4 O-O 6. Nf3 c5 7. dxc5 Qa5 8. Bd3
Qxc5 9. Qe2 Nc6 10. Be3 Qa5 11. O-O Ng4 12. Bc1 Nb4 13. Nd1 Qc5+ 14. Kh1 Nxd3
15. Qxd3 Be6 16. Ne3 Nxe3 17. Bxe3 Qxc4 18. Qb1 Rfc8 19. Rf2 Bg4 20. Ne1 a5 21.
f5 d5 22. exd5 Bxf5 23. Qd1 Rd8 24. Rd2 Be4 25. Nf3 Rxd5 26. Rc1 Qxa2 27. Bd4
Bxf3 28. gxf3 Rad8 0-1

[Event "Seefeld-Casino op 19th"]
[Site "Seefeld/Tirol (5.9.-13.9)"]
[Date "2008.09.06"]
[Round "2.25"]
[White "Ganslmayer, Herbert"]
[Black "Kaye, Ferdinand"]
[Result "0-1"]
[WhiteElo "1724"]
[BlackElo "2042"]
[PlyCount "92"]
[EventDate "2008.09.??"]
[EventType "swiss"]
[EventRounds "9"]
[Source "Ganslmayer"]
[SourceDate "2010.03.14"]
[WhiteTeamCountry "NED"]

1. e4 g6 2. d3 Bg7 3. g3 c5 4. Bg2 Nc6 5. Nd2 e6 6. Ngf3 Nge7 7. O-O O-O 8. h3
h6 9. a4 d5 10. Nh4 e5 11. Kh2 Be6 12. c3 Qd7 13. g4 Rad8 14. Qe2 b6 15. Re1
Na5 16. b4 cxb4 17. cxb4 Nac6 18. b5 Nd4 19. Qd1 dxe4 20. dxe4 Nb3 21. Ba3 Nxd2
22. Bb4 Rfe8 23. Nf3 Nb3 24. Qxd7 Rxd7 25. Rad1 Red8 26. Rxd7 Rxd7 27. g5 Nd4
28. Rc1 Nxf3+ 29. Bxf3 hxg5 30. Kg3 f6 31. Bg4 Kf7 32. Bxe6+ Kxe6 33. Bxe7 Kxe7
34. Ra1 Bf8 35. a5 Ke6 36. axb6 axb6 37. Rc1 Bc5 38. Rc3 Rd4 39. f3 Rb4 40. h4
gxh4+ 41. Kxh4 Rxb5 42. Rd3 Rb1 43. Rd5 f5 44. Kg5 Rg1+ 45. Kh6 Kf6 46. Kh7 Kf7
0-1

[Event "Seefeld-Casino op 19th"]
[Site "Seefeld/Tirol (5.9.-13.9)"]
[Date "2008.09.06"]
[Round "2.26"]
[White "Moroder, Stefan"]
[Black "Werner, Bernd(56)"]
[Result "1-0"]
[WhiteElo "2003"]
[BlackElo "1721"]
[PlyCount "55"]
[EventDate "2008.09.??"]
[EventType "swiss"]
[EventRounds "9"]
[Source "Ganslmayer"]
[SourceDate "2010.03.14"]
[WhiteTeam "ITA/Gröden SK"]
[BlackTeam "Eppingen SC"]
[WhiteTeamCountry "ITA"]

1. Nf3 Nf6 2. c4 g6 3. d4 Bg7 4. Nc3 d5 5. Qb3 e6 6. Bg5 dxc4 7. Qxc4 h6 8. Bh4
c6 9. e4 Qb6 10. Be2 O-O 11. O-O Nbd7 12. b4 Re8 13. b5 a6 14. bxc6 Qxc6 15.
Qxc6 bxc6 16. e5 Nd5 17. Ne4 Bf8 18. Rfc1 Bb7 19. Rab1 Rab8 20. Bg3 Rec8 21.
Nf6+ N5xf6 22. exf6 c5 23. Bxb8 Rxb8 24. Ne5 Be4 25. Rxb8 Nxb8 26. dxc5 a5 27.
c6 Ba3 28. c7 1-0

[Event "Seefeld-Casino op 19th"]
[Site "Seefeld/Tirol (5.9.-13.9)"]
[Date "2008.09.06"]
[Round "2.27"]
[White "Schmidt, Juergen(52)"]
[Black "Perkmann, Gottfried"]
[Result "1-0"]
[WhiteElo "1921"]
[BlackElo "1801"]
[PlyCount "71"]
[EventDate "2008.09.??"]
[EventType "swiss"]
[EventRounds "9"]
[Source "Ganslmayer"]
[SourceDate "2010.03.14"]
[WhiteTeamCountry "ITA"]

1. e4 e6 2. d4 d5 3. Nc3 Nf6 4. Bg5 Be7 5. e5 Nfd7 6. Bxe7 Qxe7 7. a3 a6 8. f4
c5 9. Nf3 Nc6 10. Ne2 f6 11. c3 O-O 12. Ng3 Rb8 13. Bd3 f5 14. O-O b5 15. Kh1
b4 16. axb4 cxd4 17. Bxa6 dxc3 18. bxc3 d4 19. Bxc8 Rfxc8 20. Nxd4 Nxd4 21.
Qxd4 Nb6 22. Ra6 Nd5 23. Nxf5 Qd8 24. Rxe6 Nxc3 25. Rd6 Qf8 26. Ne3 Ne2 27.
Qd5+ Kh8 28. f5 Rxb4 29. Qd2 Nc3 30. f6 gxf6 31. Rdxf6 Qe7 32. Nf5 Qxe5 33. Qh6
Rg8 34. Rf7 Rg7 35. Rxg7 Qxf5 36. Rxh7+ 1-0

[Event "Seefeld-Casino op 19th"]
[Site "Seefeld/Tirol (5.9.-13.9)"]
[Date "2008.09.06"]
[Round "2.28"]
[White "Winter, Bernd(41)"]
[Black "Dallmeier, Gerhard"]
[Result "1-0"]
[WhiteElo "1948"]
[BlackElo "1693"]
[PlyCount "111"]
[EventDate "2008.09.??"]
[EventType "swiss"]
[EventRounds "9"]
[Source "Ganslmayer"]
[SourceDate "2010.03.14"]
[WhiteTeamCountry "ITA"]

1. e4 c5 2. Nf3 d6 3. d4 cxd4 4. Nxd4 Nf6 5. Nc3 a6 6. Be2 e5 7. Nf3 h6 8. O-O
Be6 9. h3 Be7 10. Be3 Nbd7 11. Qd2 O-O 12. Rfd1 b5 13. a3 Qc7 14. Nh2 Nc5 15.
Bf3 Rad8 16. Qe1 Ncd7 17. Bg4 Nxg4 18. Nxg4 h5 19. Nh2 f5 20. exf5 Rxf5 21. g4
hxg4 22. hxg4 Rf7 23. Rd2 Qc6 24. Rad1 Nc5 25. Qf1 Ne4 26. Qg2 Qa8 27. Nxe4 d5
28. Ng5 Bxg5 29. Bxg5 Rdf8 30. Qg3 Qb8 31. Re1 e4 32. Qxb8 Rxb8 33. f4 g6 34.
Kg2 Rb6 35. Kg3 Rc6 36. c3 a5 37. Nf1 Rb7 38. Ne3 Rd6 39. f5 gxf5 40. Nxf5 Rdd7
41. Nd4 Bf7 42. Rh2 Bg6 43. Reh1 Rh7 44. Rxh7 Bxh7 45. Nc6 a4 46. Ne7+ Kg7 47.
Nxd5 Rf7 48. Bf6+ Kg6 49. g5 Kf5 50. Ne3+ Ke6 51. Rh6 Bg8 52. Bd4+ Ke7 53. Rf6
Rxf6 54. gxf6+ Ke6 55. Kf4 Bh7 56. Nd5 1-0

[Event "Seefeld-Casino op 19th"]
[Site "Seefeld/Tirol (5.9.-13.9)"]
[Date "2008.09.06"]
[Round "2.29"]
[White "Grosse, Manfred"]
[Black "Verwer, Renzo"]
[Result "1-0"]
[WhiteElo "1837"]
[BlackElo "1522"]
[PlyCount "59"]
[EventDate "2008.09.??"]
[EventType "swiss"]
[EventRounds "9"]
[Source "Ganslmayer"]
[SourceDate "2010.03.14"]
[WhiteTeamCountry "ITA"]

1. c4 Nf6 2. Nc3 e5 3. g3 d5 4. cxd5 Nxd5 5. Bg2 Be6 6. Nf3 Nc6 7. Qa4 Nb6 8.
Qd1 Be7 9. O-O h5 10. d3 h4 11. Ne4 hxg3 12. hxg3 f6 13. Nh4 Kf7 14. f4 Rxh4
15. gxh4 Qd4+ 16. e3 Qd7 17. f5 Bxf5 18. Qh5+ g6 19. Qh7+ Kf8 20. h5 Bxe4 21.
hxg6 Bxg6 22. Qxg6 Qe8 23. Qh6+ Kg8 24. Be4 Qf7 25. Kf2 Bf8 26. Qh3 Bg7 27. Rg1
Ne7 28. Bh7+ Kf8 29. e4 Na4 30. Rxg7 1-0

[Event "Seefeld-Casino op 19th"]
[Site "Seefeld/Tirol (5.9.-13.9)"]
[Date "2008.09.06"]
[Round "2.30"]
[White "Platzgummer, Peter"]
[Black "Egger, Herbert"]
[Result "1-0"]
[WhiteElo "1960"]
[BlackElo "1698"]
[PlyCount "111"]
[EventDate "2008.09.??"]
[EventType "swiss"]
[EventRounds "9"]
[Source "Ganslmayer"]
[SourceDate "2010.03.14"]
[WhiteTeam "AUT/Tirol PSV"]
[BlackTeam "AUT/Reichenau"]
[WhiteTeamCountry "AUT"]
[BlackTeamCountry "AUT"]

1. e4 e5 2. Nf3 Nc6 3. Bc4 Be7 4. d4 d6 5. dxe5 dxe5 6. O-O Qxd1 7. Rxd1 Nf6 8.
Nbd2 Bg4 9. Re1 O-O 10. h3 Bh5 11. c3 Bd6 12. b4 a6 13. Bb2 Ne7 14. Bb3 Bxf3
15. Nxf3 Ng6 16. a3 Rad8 17. c4 c6 18. Bc2 Bc7 19. Rad1 Rfe8 20. g3 h6 21. Kg2
Nd7 22. Bb3 c5 23. Re2 f6 24. Red2 Ndf8 25. Ba4 Rxd2 26. Rxd2 Rd8 27. bxc5 Rxd2
28. Nxd2 Ne7 29. Nb3 Nc6 30. Bc3 Ne6 31. h4 Ncd4 32. Bxd4 Nxd4 33. Nxd4 exd4
34. Bd7 a5 35. Kf3 Kf7 36. Ke2 Ke7 37. Bf5 b6 38. cxb6 Bxb6 39. Kd3 Kd6 40. f4
Bc5 41. a4 Bb6 42. h5 Bc5 43. g4 Bb6 44. g5 hxg5 45. e5+ fxe5 46. fxg5 Ke7 47.
h6 gxh6 48. gxh6 Kf6 49. h7 Kg7 50. Ke4 Bc7 51. Kd5 Kh8 52. c5 Kg7 53. Kc6 Bd8
54. Kd7 Bf6 55. c6 e4 56. c7 1-0

[Event "Seefeld-Casino op 19th"]
[Site "Seefeld/Tirol (5.9.-13.9)"]
[Date "2008.09.06"]
[Round "2.31"]
[White "Duric, Rajko"]
[Black "Fischer, Gerd(59)"]
[Result "1/2-1/2"]
[WhiteElo "1694"]
[BlackElo "1846"]
[PlyCount "51"]
[EventDate "2008.09.??"]
[EventType "swiss"]
[EventRounds "9"]
[Source "Ganslmayer"]
[SourceDate "2010.03.14"]
[WhiteTeamCountry "AUT"]
[BlackTeamCountry "AUT"]

1. e4 e6 2. g3 d5 3. Bg2 dxe4 4. Bxe4 Nf6 5. Bg2 c5 6. Nf3 Nc6 7. c3 Be7 8. O-O
O-O 9. Na3 Rb8 10. Nc4 Nd7 11. Re1 b5 12. Nce5 Ndxe5 13. Nxe5 Nxe5 14. Rxe5 Bb7
15. d4 Bxg2 16. Kxg2 cxd4 17. Qxd4 Qxd4 18. cxd4 Bf6 19. Re4 Rbd8 20. Be3 Rd5
21. Rc1 Rfd8 22. b4 h6 23. Rc5 Be7 24. Rxd5 Rxd5 25. a3 Bf6 26. Rg4 1/2-1/2

[Event "Seefeld-Casino op 19th"]
[Site "Seefeld/Tirol (5.9.-13.9)"]
[Date "2008.09.06"]
[Round "2.32"]
[White "Kliem, Klaus-Peter"]
[Black "Gerhards, Walter"]
[Result "0-1"]
[WhiteElo "1662"]
[BlackElo "1849"]
[PlyCount "106"]
[EventDate "2008.09.??"]
[EventType "swiss"]
[EventRounds "9"]
[Source "Ganslmayer"]
[SourceDate "2010.03.14"]
[WhiteTeamCountry "AUT"]
[BlackTeamCountry "AUT"]

1. d4 Nf6 2. Nf3 e6 3. c4 d5 4. Nc3 Be7 5. Bg5 O-O 6. e3 c5 7. dxc5 dxc4 8.
Bxc4 Qa5 9. Qc2 Nc6 10. O-O Qxc5 11. Qe2 h6 12. Bh4 b6 13. Rac1 Bb7 14. Nb5 Qh5
15. Bxf6 Bxf6 16. Nd6 Na5 17. Bb5 Bxf3 18. Qxf3 Qxf3 19. gxf3 Bxb2 20. Rc2 Ba3
21. Ne4 Rac8 22. Rxc8 Rxc8 23. Rd1 Rc7 24. Rd8+ Kh7 25. Bd3 f5 26. Ng3 g6 27.
f4 Kg7 28. Ne2 Nb7 29. Ra8 Nc5 30. Nd4 Bb2 31. Bc4 Bxd4 32. exd4 Ne4 33. Bxe6
Rc1+ 34. Kg2 Rc2 35. Rxa7+ Kf6 36. d5 Rxf2+ 37. Kg1 Rxf4 38. Rb7 Ke5 39. Bg8
Nc3 40. Rxb6 Rg4+ 41. Kh1 Nxd5 42. Rb5 Rd4 43. a4 Ke4 44. Bxd5+ Rxd5 45. Rxd5
Kxd5 46. Kg2 g5 47. Kf3 Kc5 48. a5 Kb5 49. Ke3 Kxa5 50. Kd4 Kb6 51. Ke5 f4 52.
Ke4 Kc5 53. h4 Kd6 0-1

[Event "Seefeld-Casino op 19th"]
[Site "Seefeld/Tirol (5.9.-13.9)"]
[Date "2008.09.06"]
[Round "2.33"]
[White "Wiesbeck, Florian"]
[Black "Loew, Bernd"]
[Result "1-0"]
[WhiteElo "1887"]
[BlackElo "1498"]
[PlyCount "75"]
[EventDate "2008.09.??"]
[EventType "swiss"]
[EventRounds "9"]
[Source "Ganslmayer"]
[SourceDate "2010.03.14"]
[WhiteTeamCountry "AUT"]
[BlackTeamCountry "AUT"]

1. g3 Nc6 2. d4 e6 3. Bg2 d6 4. Nf3 Nf6 5. O-O Be7 6. c4 O-O 7. Nc3 a6 8. Re1
Na7 9. e4 c6 10. e5 Ne8 11. Qc2 d5 12. b3 Bd7 13. Bb2 Rc8 14. c5 Nc7 15. Na4
Na8 16. b4 Nb5 17. Nc3 Nxc3 18. Bxc3 Nc7 19. a4 Be8 20. Bh3 Kh8 21. Qe2 Bd7 22.
Nd2 f6 23. exf6 Bxf6 24. f4 Qe7 25. Nf3 Rce8 26. Ne5 Bc8 27. Qh5 Bxe5 28. Rxe5
Rf6 29. Rae1 Qf7 30. Qxf7 Rxf7 31. f5 Rf6 32. Bd2 h6 33. Bf4 Ref8 34. R5e2 Na8
35. fxe6 Re8 36. a5 Kh7 37. Kg2 Bxe6 38. Rxe6 1-0

[Event "Seefeld-Casino op 19th"]
[Site "Seefeld/Tirol (5.9.-13.9)"]
[Date "2008.09.06"]
[Round "2.34"]
[White "Aufmwasser, Guenter"]
[Black "Klein, Gereon"]
[Result "0-1"]
[WhiteElo "1553"]
[BlackElo "1846"]
[PlyCount "152"]
[EventDate "2008.09.??"]
[EventType "swiss"]
[EventRounds "9"]
[Source "Ganslmayer"]
[SourceDate "2010.03.14"]
[WhiteTeam "Hilden SV"]
[BlackTeam "Kerpen SK"]

1. f4 c5 2. Nf3 Nc6 3. e3 g6 4. c3 Bg7 5. Bb5 e6 6. O-O Nge7 7. d4 b6 8. Nbd2
d5 9. Ne5 Bd7 10. Nxd7 Qxd7 11. Nf3 O-O 12. Qe1 Qc7 13. Bd2 a6 14. Be2 Nf5 15.
Nh4 Qe7 16. Nxf5 exf5 17. Bf3 Qd6 18. Qg3 Rad8 19. Rae1 Rfe8 20. Bd1 c4 21. h4
h5 22. Kh1 Nb8 23. Qf2 Nd7 24. g3 Re7 25. Bf3 Rde8 26. Re2 Nf6 27. Rfe1 b5 28.
Kg2 a5 29. a3 Bf8 30. Rb1 Rb8 31. Qe1 Rb6 32. Qc1 Qb8 33. Kf2 Kg7 34. Re1 b4
35. cxb4 Reb7 36. Re2 axb4 37. axb4 Bxb4 38. Be1 Bxe1+ 39. Kxe1 Rb3 40. Rc2
R7b4 41. Kf2 Qb5 42. Kg2 c3 43. Rxc3 Rxb2+ 44. Rxb2 Rxb2+ 45. Kh3 Ng4 46. Rc2
Rb1 47. Qd2 Qf1+ 48. Qg2 Nxe3 49. Qxf1 Rxf1 50. Bg2 Nxg2 51. Kxg2 Rd1 52. Kf3
Rxd4 53. Ke3 Rd1 54. Rc7 d4+ 55. Ke2 Rg1 56. Kf2 Ra1 57. Rd7 Ra2+ 58. Ke1 Rg2
59. Rxd4 Rxg3 60. Kf2 Rg4 61. Kf3 Rxh4 62. Kg3 Rg4+ 63. Kh3 Kh6 64. Rd7 Rxf4
65. Rxf7 Re4 66. Rf6 Kg5 67. Ra6 Re3+ 68. Kh2 h4 69. Rb6 f4 70. Rb5+ Kg4 71.
Rb4 Re2+ 72. Kh1 Kg3 73. Rb3+ Re3 74. Rb1 f3 75. Rg1+ Kh3 76. Rf1 g5 0-1